000 00246nam a2200109Ia 4500
008 240625s9999 xx 000 0 und d
041 _aeng
082 _a332.1 BES
100 _aBEST PHILIP
245 _aIMPLEMENTING VALUE AT RISK
260 _c1999
999 _c34912
_d34912